<?xml version="1.0" encoding="UTF-8"?>
<record
    xmlns:xsi="http://www.w3.org/2001/XMLSchema-instance"
    xsi:schemaLocation="http://www.loc.gov/MARC21/slim http://www.loc.gov/standards/marcxml/schema/MARC21slim.xsd"
    xmlns="http://www.loc.gov/MARC21/slim">

  <leader>03497nam a2200313 i 4500</leader>
  <controlfield tag="001">990230983370107026</controlfield>
  <controlfield tag="003">UkOxU</controlfield>
  <controlfield tag="005">20251110184945.0</controlfield>
  <controlfield tag="008">220812s2022    enk      b    001|0 eng d</controlfield>
  <datafield tag="020" ind1=" " ind2=" ">
    <subfield code="a">9780192865359</subfield>
    <subfield code="q">paperback</subfield>
  </datafield>
  <datafield tag="035" ind1=" " ind2=" ">
    <subfield code="a">(UkOxU)023098337</subfield>
  </datafield>
  <datafield tag="035" ind1=" " ind2=" ">
    <subfield code="a">(UkOxU)023098337BIB01</subfield>
  </datafield>
  <datafield tag="040" ind1=" " ind2=" ">
    <subfield code="a">UkOxU</subfield>
    <subfield code="b">eng</subfield>
    <subfield code="e">rda</subfield>
    <subfield code="c">UkOxU</subfield>
  </datafield>
  <datafield tag="041" ind1=" " ind2=" ">
    <subfield code="a">English</subfield>
  </datafield>
  <datafield tag="100" ind1=" " ind2=" ">
    <subfield code="a">Dignam, Alan J.</subfield>
    <subfield code="e">author.</subfield>
    <subfield code="9">25891</subfield>
  </datafield>
  <datafield tag="245" ind1="1" ind2="0">
    <subfield code="a">Company law </subfield>
    <subfield code="c">/ Alan Dignam, John Lowry.</subfield>
  </datafield>
  <datafield tag="250" ind1=" " ind2=" ">
    <subfield code="a">Twelfth edition.</subfield>
  </datafield>
  <datafield tag="264" ind1=" " ind2="1">
    <subfield code="a">Oxford :</subfield>
    <subfield code="b">Oxford University Press,</subfield>
    <subfield code="c">[2022]</subfield>
  </datafield>
  <datafield tag="300" ind1=" " ind2=" ">
    <subfield code="a">li, 483 pages ;</subfield>
    <subfield code="c">25 cm</subfield>
  </datafield>
  <datafield tag="490" ind1="1" ind2=" ">
    <subfield code="a">Core text series</subfield>
  </datafield>
  <datafield tag="500" ind1=" " ind2=" ">
    <subfield code="a">Previous edition: 2020.</subfield>
  </datafield>
  <datafield tag="504" ind1=" " ind2=" ">
    <subfield code="a">Includes bibliographical references (pages 458-463) and index.</subfield>
  </datafield>
  <datafield tag="505" ind1=" " ind2=" ">
    <subfield code="a">Part I Fundamental Principles
&#x2014; Introduction to company law
&#x2014; Corporate personality and limited liability
&#x2014; Lifting the veil
&#x2014; Promoters and pre-incorporation contracts
&#x2014; Raising capital: equity and its consequences
&#x2014; Raising capital: debentures: fixed and floating charges

Part II Behind the Corporate Veil
&#x2014; Share capital
&#x2014; The constitution of the company: dealing with insiders
&#x2014; Classes of shares and variation of class rights
&#x2014; Derivative claims
&#x2014; Statutory shareholder remedies

Part III Issues of Corporate Authority
&#x2014; The constitution of the company: dealing with outsiders
&#x2014; Corporate management
&#x2014; Directors&#x2019; duties
&#x2014; Corporate governance 1: corporate governance and corporate theory
&#x2014; Corporate governance 2: the UK corporate governance debate
&#x2014; Corporate rescue and liquidations in outline.</subfield>
  </datafield>
  <datafield tag="520" ind1=" " ind2=" ">
    <subfield code="a">Titles in the Core Text series take the reader straight to the heart of the subject, providing focused, concise, and reliable guides for students at all levels. Company Law provides an account of the key principles of this area of law. It aims to demystify this complex subject. Chapter introductions provide summaries of various aspects of company law and further reading provide the tools for further research and study. This volume includes coverage of new case law such as Hurstwood Properties (A) Ltd and others v Rossendale Borough Council and another (2021) on veil lifting, Sevilleja Garcia v Marex Financial Ltd (2020), and Primeo Fund v Bank of Bermuda (Cayman) Ltd (2021) on reflective loss; Chu v Lau (2020) on just and equitable winding up in &#x2018;deadlock&#x2019; cases; Primekings Holding Ltd v King (2021) on unfair prejudice; Ming Siu Hung v J F Ming Inc (2021) on buy-out orders; Byers v Chen Ninging (2021) on breach of directors&#x2019; duties; CPS v Aquila Advisory Ltd (2021) on attribution; together with recent legislation including the Corporate Insolvency and Governance Act 2020; the Economic Crime (Transparency and Enforcement) Act 2022; the Rating (Coronavirus) and Directors Disqualification (Dissolved Companies) Act 2021; and the Commercial Rent (Coronavirus) Act 2022. On corporate governance, the latest developments surrounding the UK Corporate Governance Code and Stewardship Developments 2020 together with the Wates Corporate Governance Principles for Large Private Companies, the FTSE Women Leaders Report 2022 on gender diversity on boards, and the Parker Review 2022 on ethnic diversity on boards are discussed as well as climate change litigation using s 172 of the Companies Act 2006.</subfield>
  </datafield>
  <datafield tag="650" ind1=" " ind2="0">
    <subfield code="a">Corporation law</subfield>
    <subfield code="z">England.</subfield>
    <subfield code="9">26456</subfield>
  </datafield>
  <datafield tag="700" ind1=" " ind2=" ">
    <subfield code="a">Lowry, John P.</subfield>
    <subfield code="e">author.</subfield>
    <subfield code="9">25892</subfield>
  </datafield>
  <datafield tag="830" ind1=" " ind2="0">
    <subfield code="a">Butterworths core text series</subfield>
  </datafield>
  <datafield tag="942" ind1=" " ind2=" ">
    <subfield code="2">lcc</subfield>
  </datafield>
  <datafield tag="952" ind1=" " ind2=" ">
    <subfield code="0">0</subfield>
    <subfield code="1">0</subfield>
    <subfield code="2">lcc</subfield>
    <subfield code="4">0</subfield>
    <subfield code="7">0</subfield>
    <subfield code="a">TBS</subfield>
    <subfield code="b">TBS</subfield>
    <subfield code="d">2025-09-16</subfield>
    <subfield code="l">0</subfield>
    <subfield code="o">K1310 DIG</subfield>
    <subfield code="r">2025-09-16</subfield>
    <subfield code="t">1</subfield>
    <subfield code="w">2025-09-16</subfield>
    <subfield code="y">1</subfield>
    <subfield code="z">SOON AVAILABLE</subfield>
  </datafield>
  <datafield tag="999" ind1=" " ind2=" ">
    <subfield code="c">4947</subfield>
    <subfield code="d">4947</subfield>
  </datafield>
</record>
